000 00698nam a2200193 a 4500
008 120416s1976 ||||||||||||||||| || u
020 _a0844720755
050 _aKB 53 Fre
100 _aRuckelshaus, William
245 1 0 _aFreedom of the press
246 _aan AEI round table held on July 29 and 30, 1975 at the National Press Club, Washington, D.C.
260 _aWashington D.C.
_bAmerican Enterprise Institute for Public
_c1976
300 _a101p.
350 _a0.00
650 _aLAW
650 _aFREEDOM OF PRESS
700 _aAbel, Elie
995 _D0.00
_FCBU-MAIN LIBRARY (Kitwe)
_H1
_I2.50
_M1
_UDAMAGED
_ZMain Library Open Access Collection
999 _c43986
_d43986